<?xml version="1.0" encoding="UTF-8"?>
<record
    xmlns:xsi="http://www.w3.org/2001/XMLSchema-instance"
    xsi:schemaLocation="http://www.loc.gov/MARC21/slim http://www.loc.gov/standards/marcxml/schema/MARC21slim.xsd"
    xmlns="http://www.loc.gov/MARC21/slim">

  <leader>01238nam a22001337a 4500</leader>
  <datafield tag="999" ind1=" " ind2=" ">
    <subfield code="c">529960</subfield>
    <subfield code="d">529960</subfield>
  </datafield>
  <controlfield tag="008">250516b           ||||| |||| 00| 0 eng d</controlfield>
  <datafield tag="100" ind1=" " ind2=" ">
    <subfield code="a">Balachandran, V. </subfield>
    <subfield code="9">53204</subfield>
  </datafield>
  <datafield tag="245" ind1=" " ind2=" ">
    <subfield code="a">Collaboration and stakeholder engagement &#x2013; relevance and significance</subfield>
  </datafield>
  <datafield tag="260" ind1=" " ind2=" ">
    <subfield code="a">Chartered Secretary: The Journal for Governance Professionals </subfield>
  </datafield>
  <datafield tag="300" ind1=" " ind2=" ">
    <subfield code="a">55(3), Mar, 2025: p.116-120</subfield>
  </datafield>
  <datafield tag="520" ind1=" " ind2=" ">
    <subfield code="a">Stakeholder Engagement is an Interactive Process that involves identifying, understanding and prioritizing stakeholder expectations to mitigate risks, reduce conflicts and enhance collaboration. It is crucial for fostering trust, ensuring alignment of interests and achieving long-term organizational goals. Stakeholder engagement has been institutionalized in various domains through government policies and frameworks both in India and abroad. In India, the focus on grassroots involvement has laid the groundwork for community-driven solutions, while internationally, robust institutional frameworks have facilitated coordinated responses to global challenges.- Reproduced

https://www.icsi.edu/media/webmodules/CSJ/March-2025/ICSI_March_CSJ_10032025.pdf
</subfield>
  </datafield>
  <datafield tag="773" ind1=" " ind2=" ">
    <subfield code="a">Chartered Secretary: The Journal for Governance Professionals </subfield>
  </datafield>
  <datafield tag="942" ind1=" " ind2=" ">
    <subfield code="c">AR</subfield>
  </datafield>
  <datafield tag="952" ind1=" " ind2=" ">
    <subfield code="0">0</subfield>
    <subfield code="1">0</subfield>
    <subfield code="2">ddc</subfield>
    <subfield code="4">0</subfield>
    <subfield code="7">0</subfield>
    <subfield code="9">405148</subfield>
    <subfield code="a">IIPA</subfield>
    <subfield code="b">IIPA</subfield>
    <subfield code="d">2025-05-16</subfield>
    <subfield code="h">55(3), Mar, 2025: p.116-120</subfield>
    <subfield code="p">AR135783</subfield>
    <subfield code="r">2025-05-16</subfield>
    <subfield code="y">AR</subfield>
  </datafield>
</record>
